| 000 | 00786nam a22002177a 4500 | ||
|---|---|---|---|
| 005 | 20240530110502.0 | ||
| 008 | 150726s2012 ua g 000 0 ara d | ||
| 017 |
_a3549 _bمصر . دار الكتب المصرية |
||
| 020 | _a9789773684415 | ||
| 040 | _aEG-CaGPL | ||
| 082 | 4 |
_221 _a414.3\ _bم م |
|
| 100 | 0 | _aمحسن محمد معالى | |
| 245 | 1 | 2 |
_aمن روائع الكناية فى اللغة : _bدراسة تطبيقية / _cمحسن محمد معالى |
| 250 | _aط1 | ||
| 260 |
_aالاسكندرية : _bمؤسسة حورس الدولية ، _c2012 . |
||
| 300 |
_a227 ص ؛ _c24 سم . |
||
| 650 | 0 | 4 |
_aالبلاغة العربية _xالبيان |
| 650 | 0 | 4 | _aالبلاغة العربية |
| 942 |
_2ddc _cBK |
||
| 999 |
_c61489 _d61489 |
||